000
00319nam a2200121Ia 4500
008
191014s9999 xx 000 0 und d
082
_a
541.369
_b
SCH
100
_a
Erwin Schrodinger
_9
20262
245
0
_a
Statistical Thermodynamics
260
_a
UK
_b
Cambridge University Press
_c
1960
300
_a
Peg,95
942
_c
BK
999
_c
530958
_d
530958